01575 2200673 4500001002100000005001500021035002000036007000300056008004100059020002200100082001500122084002100137100002400158245007400182250001500256300004100271650002800312700002500340264003000365336002100395337003000416338002300446990001200469990001200481990001200493990001200505990001200517990001200529990001200541990001200553990001200565990001200577990001200589990001200601990001200613990001200625990001200637990001200649990001200661990001200673990001200685990001200697990001200709990001200721990001200733990001200745990001200757990001200769990001200781990001200793990001200805990001200817990001200829990001200841990001200853990001200865990001200877990001200889INLIS00000000000066720260107123727 a0010-0126000007ta260107 0 ind  a978-623-01-3444-9 a629.24.076 a629.24.076 KIS s0 aKistantoePengarang1 aSistem Sasis Kendaraan Ringan :bSMK/MAK Kelas XII Fase F /cKistanto aed 1 cet 1 axiv + 192 hlm :bilus ;c17,6 x 25cm 4ateknik kendaraan Ringan0 aY. LindaePenyunting aYogyakarta :bAndi,c2025 2rdacontentateks 2rdamediaatanpa perantara 2rdacarrieravolume a25.1479 a25.1480 a25.1481 a25.1482 a25.1483 a25.1484 a25.1485 a25.1486 a25.1487 a25.1488 a25.1489 a25.1490 a25.1491 a25.1492 a25.1493 a25.1494 a25.1495 a25.1496 a25.1497 a25.1498 a25.1499 a25.1500 a25.1501 a25.1502 a25.1503 a25.1504 a25.1505 a25.1506 a25.1507 a25.1508 a25.1509 a25.1510 a25.1511 a25.1512 a25.1513 a25.1514